| 000 | 00668nam a2200217 4500 | ||
|---|---|---|---|
| 001 | 139913 | ||
| 003 | ES-MaACL | ||
| 005 | 20230906195938.0 | ||
| 007 | t| | ||
| 008 | 070214s1977 sp r ||||1| spa d | ||
| 100 | 1 |
_aSchofield, Michael. _9104623 |
|
| 245 | 1 | 3 |
_aEl comportamiento sexual de los adultos _b: (18 a 25 años) / _cMichael Schofield ; traducción de Aurora Otero. |
| 250 | _a1ª. ed. | ||
| 260 |
_aBarcelona : _bFontanella, _c1977. |
||
| 300 |
_a207 p. ; _c23 cm. |
||
| 490 | 1 | _aCol. conducta humana | |
| 700 | 1 |
_aOtero, Aurora. _987878 |
|
| 830 | 0 |
_aCol. conducta humana _9220276 |
|
| 852 |
_aES-MaACL _jA-7767 _bR.96670 |
||
| 999 |
_c139913 _d139913 |
||